000 00666nam a2200205Ia 4500
003 GCL
008 140319s9999 xx 000 0 ara d
040 _aGCL /
_cGCL
082 0 4 _aم
_b417.03
_bه م
100 1 _aهايندس, مارتن
245 1 0 _aمعجم اللغة العربية المصرية عربى - انجليزى /
_cهايندس, مارتن
700 1 _aالسعيد بدوى
260 _a[S.N] :
_bمكتبة لبنان ،
_c1986
300 _a981 ص
490 _aدراسة فى ازمة الخليج
_v0
650 0 4 _aاللغة العربية
650 0 4 _aالمعاجم
650 0 4 _aاللهجة المصرية
942 _2ddc
_cREF
999 _c59555
_d59555